000 00688cam a22002053a 4500
001 44406
003 PGUSA
005 20140828084020.0
008 131211s2013||||xxu|||||s|||||000 | eng d
040 _aPGUSA
_beng
042 _adc
245 1 0 _aPapers and Proceedings of the Twenty-Third General Meeting of the American Library Association :
_bHeld at Waukesha, Wisconsin, Jul 4-10, 1901
_h[electronic resource] /
_cVarious
260 _bProject Gutenberg,
_c2013
506 _aPublic domain in the USA.
516 _aElectronic text
700 1 _aAssociation, American Library
830 0 _aProject Gutenberg
_v44406
856 4 0 _uhttp://www.gutenberg.org/ebooks/44406
942 _cEB
999 _c273657
_d273657